000
00349nam a2200169Ia 4500
100
_a
Azodolmolky/Siamak
650
_a
Software
942
_c
RB
366
_f
20
654
_a
open flow
245
_a
Software defined networking with open flow
260
_b
PACKT
_c
2013
082
_b
AZO
300
_a
138
546
_a
ENGLISH
999
_c
26100
_d
26100